[Event "32nd ECC Women 2016"]
[Site "Novi Sad SRB"]
[Date "2016.11.08"]
[Round "3.6"]
[Board "4"]
[White "Perminaite, Guoda"]
[Black "Serbanescu, Diana-Maria"]
[Result "1/2-1/2"]
[WhiteElo "1762"]
[BlackElo "1989"]
[WhiteTeam "Kaunas CC Margiris"]
[BlackTeam "Midland Monarchs"]
[WhiteFideId "12808784"]
[BlackFideId "1200550"]
[EventDate "2016.11.06"]

1. e4 d6 2. d4 Nf6 3. Nc3 e5 4. Nf3 Nbd7 5. Bc4 Be7 6. O-O O-O 7. Re1 c6 8. a4
b6 9. d5 cxd5 10. Nxd5 Nxd5 11. Bxd5 Rb8 12. b3 Nf6 13. Bc4 Bb7 14. Nd2 Qc7 15.
Bb2 Rbd8 16. Qf3 Bc8 17. Qc3 Qb8 18. Rad1 Nh5 19. g3 Bg4 20. Be2 Bxe2 21. Rxe2
a6 22. Qf3 Nf6 23. Nc4 b5 24. axb5 axb5 25. Ne3 g6 26. Nd5 Nxd5 27. Rxd5 Qb6 28.
Qd3 Rb8 29. Ba3 b4 30. Bc1 Rfc8 31. Be3 Qd8 32. Rb5 Rc3 33. Qd5 h5 34. Ba7 Rxb5
35. Qxb5 Qc8 36. Qxb4 Rxc2 37. Rxc2 Qxc2 38. Qb7 Bf8 39. h4 f5 40. Qd5+ Kg7 41.
exf5 Qxf5 42. Be3 Qf7 43. Qd3 Qb7 44. Bd2 Kh7 45. b4 d5 46. Bc3 Bg7 47. Bd2 e4
48. Qb3 Qb5 49. Qe3 Qb7 50. f3 exf3 51. Qxf3 Qb6+ 52. Kg2 d4 53. Qd5 Qc7 54. Qb3
Qc6+ 55. Kf2 Qb5 56. Bf4 Kh8 57. Qb1 Kh7 58. Qb3 Kh8 59. Qb1 d3 60. Ke3 Bf8 61.
Qxd3 Qxd3+ 62. Kxd3 Bxb4 1/2-1/2

[Event "32nd ECC Women 2016"]
[Site "Novi Sad SRB"]
[Date "2016.11.08"]
[Round "3.7"]
[Board "1"]
[White "Efroimski, Marsel"]
[Black "Hapala, Elisabeth"]
[Result "0-1"]
[WhiteTitle "WGM"]
[BlackTitle "WFM"]
[WhiteElo "2312"]
[BlackElo "2042"]
[WhiteTeam "Rishon Le Zion"]
[BlackTeam "ASVOE Pamhagen"]
[WhiteFideId "2810964"]
[BlackFideId "1622080"]
[EventDate "2016.11.06"]

1. e4 c5 2. Nf3 e6 3. d4 cxd4 4. Nxd4 Nc6 5. Nc3 Qc7 6. Be2 a6 7. O-O Nf6 8. Be3
Bb4 9. Nxc6 bxc6 10. f4 Bxc3 11. bxc3 Nxe4 12. Bd3 Nf6 13. Qf3 Bb7 14. Rab1 d5
15. Qg3 c5 16. f5 Qxg3 17. hxg3 Bc6 18. fxe6 fxe6 19. Bxc5 Kd7 20. Bd4 Kd6 21.
Bxf6 gxf6 22. Rxf6 Bb5 23. Re1 Rae8 24. Bf5 Bd7 25. Rh6 Re7 26. Rb1 Kc5 27. Bh3
a5 28. Rb7 Kc6 29. Rb2 Kc5 30. a4 Rhe8 31. Kh2 Kc4 32. Rb3 Rf8 33. Rb7 Kxc3 34.
Rc7+ Kd2 35. Rh4 Rff7 36. c4 Bxa4 37. Rc5 Bb3 38. cxd5 exd5 39. Rxa5 Re4 40. Rh6
Re1 41. Rd6 Re5 42. Bg4 Kc3 43. Bf3 Kd4 44. g4 Rfe7 45. Ra8 R5e6 46. Rdd8 Ke5
47. Ra3 Bc4 48. Kg3 Kd4 49. Rf8 Re3 50. Ra4 Rd7 51. Kf2 Rb3 52. Rc8 Rb2+ 53. Kg3
Rc2 54. Ra1 Kc3 55. Ra5 Kd3 56. Ra3+ Rc3 57. Ra1 Bb3 58. Re8 d4 59. Rh1 Rcc7 60.
Rhe1 Kc3 61. Be4 Re7 62. Rc1+ Kd2 63. Rxc7 Rxc7 64. Kf4 Bc2 65. Rd8 d3 66. Kg5
Kc3 67. Kh6 d2 68. Bf3 Rc4 69. g5 Bg6 70. Rd6 Kc2 71. Rxg6 hxg6 72. Kxg6 Rf4 73.
Bh5 Rh4 74. Bf3 Rh2 75. Kg7 Rxg2 76. g6 Kd3 77. Kh6 Rh2+ 78. Kg5 Re2 79. g7 d1=Q
80. g8=Q Qg1+ 81. Bg4 Qxg4+ 0-1

[Event "32nd ECC Women 2016"]
[Site "Novi Sad SRB"]
[Date "2016.11.08"]
[Round "3.7"]
[Board "2"]
[White "Mira, Helene"]
[Black "Lahav, Michal"]
[Result "1-0"]
[WhiteTitle "WIM"]
[BlackTitle "WFM"]
[WhiteElo "2047"]
[BlackElo "2251"]
[WhiteTeam "ASVOE Pamhagen"]
[BlackTeam "Rishon Le Zion"]
[WhiteFideId "1601601"]
[BlackFideId "2813742"]
[EventDate "2016.11.06"]

1. Nf3 Nf6 2. c4 c5 3. Nc3 Nc6 4. g3 g6 5. Bg2 Bg7 6. O-O O-O 7. a3 d6 8. Rb1
Bf5 9. d3 Qc8 10. b4 cxb4 11. axb4 Bh3 12. b5 Nd8 13. Bg5 Bxg2 14. Kxg2 Qd7 15.
Qd2 Re8 16. h3 Ne6 17. Bh6 Bh8 18. e4 Nc7 19. b6 Ne6 20. bxa7 Rxa7 21. Rb5 Rea8
22. Rfb1 Nd8 23. Be3 Ra3 24. Bd4 e6 25. Rb6 R3a6 26. Qb2 Rxb6 27. Qxb6 Ne8 28.
Bxh8 Kxh8 29. Qd4+ Kg8 30. Ne5 Qe7 31. Ng4 Ng7 32. Nf6+ Kh8 33. e5 dxe5 34. Qxe5
Nc6 35. Qg5 Nh5 36. Nfe4 f6 37. Qc5 Qd7 38. Nd6 Rb8 39. Nce4 Kg7 40. Rb6 f5 41.
Ng5 h6 42. Nf3 Nf6 43. Ne5 Qd8 44. Nxc6 bxc6 45. Rxc6 Nd7 46. Rc7 Kf6 47. Qd4+
e5 48. Ne4+ fxe4 49. Qd6+ Kg5 50. Rxd7 Qf8 51. Qxe5+ Qf5 52. Qe7+ 1-0

[Event "32nd ECC Women 2016"]
[Site "Novi Sad SRB"]
[Date "2016.11.08"]
[Round "3.7"]
[Board "3"]
[White "Mdivani, Maka"]
[Black "Horvath, Maria"]
[Result "0-1"]
[BlackTitle "WFM"]
[WhiteElo "1958"]
[BlackElo "1975"]
[WhiteTeam "Rishon Le Zion"]
[BlackTeam "ASVOE Pamhagen"]
[WhiteFideId "2817691"]
[BlackFideId "1601660"]
[EventDate "2016.11.06"]

1. c4 e5 2. g3 Nc6 3. Bg2 Nf6 4. Nc3 d6 5. d3 Be6 6. b3 g6 7. Bb2 Bg7 8. Qd2 Qd7
9. Nf3 Bh3 10. O-O Bxg2 11. Kxg2 O-O 12. Rad1 d5 13. cxd5 Nxd5 14. Ne4 Nd4 15.
Nxd4 exd4 16. Rc1 b6 17. Kg1 c5 18. Qc2 Rae8 19. Rce1 f5 20. Nd2 Bh6 21. Nf3 Re6
22. Bc1 Bxc1 23. Rxc1 Rfe8 24. Rfe1 Kg7 25. Kf1 Qe7 26. Qc4 Nc3 27. Nxd4 Rxe2
28. Nxe2 Nxe2 29. d4 Qe4 0-1

[Event "32nd ECC Women 2016"]
[Site "Novi Sad SRB"]
[Date "2016.11.08"]
[Round "3.7"]
[Board "4"]
[White "Kosc, Renata"]
[Black "Vardi, Shlomit"]
[Result "0-1"]
[WhiteElo "2016"]
[BlackElo "1889"]
[WhiteTeam "ASVOE Pamhagen"]
[BlackTeam "Rishon Le Zion"]
[WhiteFideId "1602578"]
[BlackFideId "2801442"]
[EventDate "2016.11.06"]

1. e4 d6 2. d4 g6 3. Nc3 Bg7 4. f4 Nf6 5. Nf3 O-O 6. Bd3 Na6 7. O-O c5 8. d5 Bg4
9. h3 Bxf3 10. Rxf3 Nc7 11. a4 b6 12. Be3 a6 13. Qf1 Qc8 14. Bc4 Qb7 15. Rd1 b5
16. axb5 axb5 17. Nxb5 Nxe4 18. Nxc7 Qxc7 19. c3 Rfb8 20. Bc1 Ra1 21. Re3 Nf6
22. Rde1 Bf8 23. f5 Qb7 24. fxg6 hxg6 25. Rf3 Bg7 26. g4 Rf8 27. Rd3 Re8 28. g5
Nd7 29. Bf4 Rxe1 30. Qxe1 Be5 31. Bc1 Ra8 32. Qf1 Ra1 33. Rd1 Rxc1 34. Rxc1 Qxb2
35. Be2 Qd2 36. Rb1 Qxg5+ 0-1

[Event "32nd ECC Women 2016"]
[Site "Novi Sad SRB"]
[Date "2016.11.09"]
[Round "4.1"]
[Board "1"]
[White "Ushenina, Anna"]
[Black "Hou, Yifan"]
[Result "0-1"]
[WhiteTitle "GM"]
[BlackTitle "GM"]
[WhiteElo "2453"]
[BlackElo "2635"]
[WhiteTeam "Ugra Chess Club"]
[BlackTeam "Cercle d'Echecs Monte-Carlo"]
[WhiteFideId "14110911"]
[BlackFideId "8602980"]
[EventDate "2016.11.06"]

1. d4 Nf6 2. c4 e6 3. Nf3 b6 4. g3 Ba6 5. Qa4 Bb7 6. Bg2 Be7 7. O-O O-O 8. Nc3
Ne4 9. Qc2 Nxc3 10. Qxc3 c5 11. Bf4 d6 12. Rfd1 Qc7 13. dxc5 bxc5 14. Qd2 Rd8
15. Bg5 f6 16. Be3 Nc6 17. Bh3 Bc8 18. Bg2 Rb8 19. Qc3 Bb7 20. Rd2 h6 21. g4 Ne5
22. Nxe5 fxe5 23. Qc2 Bxg2 24. Kxg2 d5 25. f3 e4 26. cxd5 exd5 27. fxe4 Rb4 28.
exd5 Rxg4+ 29. Kh1 Qe5 30. Bg1 Bd6 31. e3 Rf8 32. Rad1 Qh5 33. Rf2 Rxf2 34. Qxf2
Rg6 35. Rd2 Qg4 36. Qf1 Qe4+ 37. Rg2 h5 38. Qe2 Rg4 39. b3 Qxd5 40. Qd2 Qe4 41.
Qc2 Qc6 42. Qe2 Kf7 43. e4 Qxe4 44. Qxe4 Rxe4 45. Rc2 Re5 46. Rc4 Re1 47. Ra4
Ke6 48. Kg2 g5 49. h3 Rc1 50. Rxa7 Rc2+ 51. Kf1 Rc3 52. Ra5 h4 53. a4 Rf3+ 54.
Kg2 Rg3+ 55. Kf1 Rxh3 56. Bxc5 Bf4 57. b4 g4 58. Ra6+ Kf5 59. Bf2 Rf3 60. Ke2 h3
61. Ra8 h2 62. Rh8 Rh3 0-1

[Event "32nd ECC Women 2016"]
[Site "Novi Sad SRB"]
[Date "2016.11.09"]
[Round "4.1"]
[Board "2"]
[White "Muzychuk, Anna"]
[Black "Pogonina, Natalija"]
[Result "1/2-1/2"]
[WhiteTitle "GM"]
[BlackTitle "WGM"]
[WhiteElo "2561"]
[BlackElo "2492"]
[WhiteTeam "Cercle d'Echecs Monte-Carlo"]
[BlackTeam "Ugra Chess Club"]
[WhiteFideId "14111330"]
[BlackFideId "4147855"]
[EventDate "2016.11.06"]

1. e4 e5 2. Nf3 Nc6 3. Bb5 Nf6 4. O-O Nxe4 5. d4 Nd6 6. Bxc6 dxc6 7. dxe5 Nf5 8.
Qxd8+ Kxd8 9. Rd1+ Ke8 10. Nc3 h6 11. h3 Bd7 12. Bf4 Rd8 13. e6 Bxe6 14. Bxc7
Rc8 15. Bh2 Be7 16. g4 Nh4 17. Nd4 c5 18. Nxe6 fxe6 19. Nb5 Nf3+ 20. Kg2 Nxh2
21. Nxa7 Ra8 22. Nb5 Ra4 23. Kxh2 Rb4 24. Nd6+ Bxd6+ 25. Rxd6 Ke7 26. Rad1 Rxb2
27. Kg3 Ra8 28. Rd7+ Kf6 29. R1d3 Rxc2 30. Rf3+ Ke5 31. Re3+ Kf6 32. Rf3+ Ke5
33. Re3+ Kf6 34. Rf3+ Ke5 35. Re3+ 1/2-1/2

[Event "32nd ECC Women 2016"]
[Site "Novi Sad SRB"]
[Date "2016.11.09"]
[Round "4.1"]
[Board "3"]
[White "Mkrtchian, Lilit"]
[Black "Muzychuk, Mariya"]
[Result "1/2-1/2"]
[WhiteTitle "IM"]
[BlackTitle "GM"]
[WhiteElo "2439"]
[BlackElo "2532"]
[WhiteTeam "Ugra Chess Club"]
[BlackTeam "Cercle d'Echecs Monte-Carlo"]
[WhiteFideId "13300601"]
[BlackFideId "14114550"]
[EventDate "2016.11.06"]

1. c4 c5 2. g3 g6 3. Bg2 Bg7 4. Nc3 Nc6 5. e3 e6 6. Nge2 Nge7 7. Nf4 O-O 8. O-O
Rb8 9. b3 d5 10. cxd5 Nxd5 11. Nfxd5 exd5 12. Bxd5 Bh3 13. Bg2 Bxg2 14. Kxg2 Qd3
15. Ba3 b6 16. Rc1 Rfd8 17. Rc2 Bxc3 18. Rxc3 Qxd2 19. Qxd2 Rxd2 20. Ra1 Rbd8
21. Kf1 Ne5 22. Bc1 Rd1+ 23. Ke2 Rh1 24. Bb2 Rxh2 25. Rf1 Ng4 26. Rc2 Rh5 27.
Rd2 Rxd2+ 28. Kxd2 Rd5+ 29. Ke2 f6 30. e4 Rd7 31. f3 Ne5 32. f4 Ng4 33. Rc1 Kf7
34. Rc2 Ke6 35. a3 a5 36. Bc3 h5 37. Rc1 Rd8 38. Rf1 Rd7 39. f5+ Kf7 40. fxg6+
Kxg6 41. Rf5 Rd6 42. Rf3 Re6 43. Kd3 b5 44. a4 bxa4 45. bxa4 Ne5+ 46. Bxe5 Rxe5
47. Rf4 f5 48. exf5+ Rxf5 49. Rc4 Rf3+ 50. Ke2 Rxg3 51. Rxc5 Rg5 52. Rc6+ Kf7
53. Kf3 Ke7 54. Rh6 Kd7 55. Kf4 Rg4+ 56. Kf3 Rh4 57. Kg3 Rxa4 58. Rxh5 Ra1 59.
Kg2 a4 60. Rh4 Kd6 61. Rf4 Ke5 62. Rb4 a3 63. Rb3 Ke4 64. Rc3 Ra2+ 65. Kg1 Kd4
66. Rf3 Kc4 67. Rf4+ Kd5 68. Rf3 Ra1+ 69. Kg2 Kd4 70. Rf4+ Ke5 71. Rf3 Ke4 72.
Rb3 Kd4 73. Rf3 a2 74. Ra3 Kc4 75. Ra8 1/2-1/2

[Event "32nd ECC Women 2016"]
[Site "Novi Sad SRB"]
[Date "2016.11.09"]
[Round "4.1"]
[Board "4"]
[White "Skripchenko, Almira"]
[Black "Kovanova, Baira"]
[Result "1/2-1/2"]
[WhiteTitle "IM"]
[BlackTitle "WGM"]
[WhiteElo "2455"]
[BlackElo "2382"]
[WhiteTeam "Cercle d'Echecs Monte-Carlo"]
[BlackTeam "Ugra Chess Club"]
[WhiteFideId "13900145"]
[BlackFideId "4164083"]
[EventDate "2016.11.06"]

1. e4 e5 2. Nf3 Nc6 3. Nc3 Nf6 4. d4 exd4 5. Nxd4 Bb4 6. Nxc6 bxc6 7. Bd3 O-O 8.
O-O d5 9. exd5 cxd5 10. h3 c6 11. Qf3 Rb8 12. Bf4 Bd6 13. b3 Rb4 14. Bxd6 Qxd6
15. Qg3 Qd8 16. Rfe1 Nh5 17. Qe5 Nf4 18. Qe7 Nxd3 19. cxd3 Qa5 20. Na4 Rf4 21.
Re2 Rf6 22. Qc5 Qa6 23. Rae1 Re6 24. Rxe6 Bxe6 25. Re3 Bf5 26. d4 Bb1 27. Qc1
Bf5 28. Re5 Be4 29. f3 Bg6 30. Qd2 f6 31. Re7 Re8 32. Nc5 Qa3 33. Rb7 Bb1 34.
Kh2 Qxa2 35. Qf4 Qc2 36. Ne6 Kh8 37. Rb8 Qg6 38. Qc7 Rg8 39. Nf4 Qf5 40. g4 Qc2+
41. Kg3 h5 42. Nxh5 Qh7 43. Qxa7 Bc2 44. b4 Rxb8 45. Qxb8+ Qg8 46. Qc7 Ba4 47.
Qe7 Qh7 48. h4 Qg6 49. Qe3 Qb1 50. Nf4 Qxb4 51. h5 Qd6 52. Kg2 Kg8 53. Qe8+ Qf8
54. Qe6+ Qf7 55. Qe1 Qd7 56. Qe2 Bb5 57. Qe3 Kf7 58. Kf2 Qe7 59. Qd2 Qd6 60. Kg2
Qe7 61. Kf2 Qd6 62. Qe3 Qe7 63. Qxe7+ Kxe7 64. Ke3 Ba4 65. Kd2 Kd6 66. Nd3 Bb5
67. Nc5 Bf1 68. Ke3 Ke7 69. f4 Bh3 70. Kf3 f5 71. gxf5 Bxf5 72. Kg3 Kf6 73. Nb3
Bd7 74. Nc5 Bf5 75. Nb3 Bd7 76. Nc5 Bf5 77. Kf3 Bc2 78. Nd7+ Kf5 1/2-1/2

[Event "32nd ECC Women 2016"]
[Site "Novi Sad SRB"]
[Date "2016.11.09"]
[Round "4.2"]
[Board "1"]
[White "Dzagnidze, Nana"]
[Black "Mamedjarova, Zeinab"]
[Result "1-0"]
[WhiteTitle "GM"]
[BlackTitle "WGM"]
[WhiteElo "2507"]
[BlackElo "2338"]
[WhiteTeam "NONA Batumi"]
[BlackTeam "Odlar Yurdu"]
[WhiteFideId "13601903"]
[BlackFideId "13401521"]
[EventDate "2016.11.06"]

1. Nf3 Nf6 2. c4 e6 3. b3 Be7 4. Bb2 O-O 5. g3 b6 6. Bg2 Bb7 7. O-O c5 8. d4
cxd4 9. Qxd4 Nc6 10. Qf4 Qb8 11. Nc3 Rd8 12. Rad1 Qxf4 13. gxf4 Nb4 14. Ne5 Bxg2
15. Kxg2 d6 16. Nf3 Rac8 17. Rd2 h6 18. Rfd1 Ne8 19. Nd4 Nc6 20. Nxc6 Rxc6 21.
f5 a6 22. e3 Rb8 23. a4 Bf6 24. Na2 Rc5 25. Bxf6 gxf6 26. e4 exf5 27. Nb4 fxe4
28. Nxa6 Rg5+ 29. Kf1 Rb7 30. Nb4 f5 31. Nd5 Rh5 32. f3 Rh3 33. Rf2 Rxf3 34.
Rxf3 exf3 35. Kf2 Ng7 36. Nf6+ Kf8 37. Rxd6 Ke7 38. Rxb6 Rxb6 39. Nd5+ Kd6 40.
Nxb6 Kc5 41. a5 Ne6 42. b4+ Kxb4 43. a6 Ka5 44. a7 Nc7 45. a8=Q+ Nxa8 46. Nxa8
Kb4 47. Nb6 Kc5 48. Nd5 Kxc4 49. Ne3+ 1-0

[Event "32nd ECC Women 2016"]
[Site "Novi Sad SRB"]
[Date "2016.11.09"]
[Round "4.2"]
[Board "2"]
[White "Mammadova, Gulnar"]
[Black "Batsiashvili, Nino"]
[Result "1-0"]
[WhiteTitle "WGM"]
[BlackTitle "IM"]
[WhiteElo "2364"]
[BlackElo "2489"]
[WhiteTeam "Odlar Yurdu"]
[BlackTeam "NONA Batumi"]
[WhiteFideId "13403508"]
[BlackFideId "13602993"]
[EventDate "2016.11.06"]

1. e4 e5 2. Nf3 Nc6 3. Bc4 Nf6 4. d3 Be7 5. O-O O-O 6. Re1 d6 7. a4 Na5 8. Ba2
c5 9. c3 Be6 10. Bxe6 fxe6 11. b4 Nc6 12. b5 Na5 13. c4 Qd7 14. Nc3 Rae8 15. Bd2
Bd8 16. Rb1 Nh5 17. Be3 Qf7 18. Rb2 Qg6 19. Kh1 Nf4 20. Bxf4 Rxf4 21. g3 Rf7 22.
Kg2 Ref8 23. Re3 Qh6 24. h4 Qg6 25. Qh1 Qh5 26. Qd1 Qg6 27. Qh1 Rf6 28. Ne2 Qf7
29. Neg1 Bc7 30. Qh3 h6 31. h5 d5 32. exd5 exd5 33. cxd5 c4 34. Qg4 Qxd5 35. Rc2
Nb3 36. Qxc4 Qxc4 37. dxc4 Nc5 38. Nxe5 Bxe5 39. Rxe5 Nxa4 40. Nh3 Rf5 41. Rxf5
Rxf5 42. Ra2 Nc5 43. Rxa7 Rxh5 44. Ra8+ Kf7 45. Rc8 Ne6 46. Rb8 Rc5 47. Rxb7+
Kf6 48. Rb6 g5 49. Rc6 Rxc6 50. bxc6 Ke5 51. f4+ Kd6 52. Kf3 gxf4 53. Nxf4 Ng5+
54. Kg4 Kxc6 55. Nd3 Ne4 56. Kf4 Nd2 57. g4 Kd6 58. Ne5 Kc5 59. Ke3 Nb3 60. Kd3
Nc1+ 61. Kd2 Na2 62. Ke3 Nc3 63. Kd3 Nd1 64. Kd2 Nf2 65. Nd3+ Kxc4 66. Nxf2 Kd4
67. Ke2 Ke5 68. Kf3 Kf6 69. Kf4 Kg6 70. Ne4 Kg7 71. Kf5 Kf7 72. Ng3 Kg7 73. Nh5+
Kf7 74. Nf4 Kg7 75. Ke6 1-0

[Event "32nd ECC Women 2016"]
[Site "Novi Sad SRB"]
[Date "2016.11.09"]
[Round "4.2"]
[Board "3"]
[White "Khotenashvili, Bela"]
[Black "Kazimova, Narmin"]
[Result "1/2-1/2"]
[WhiteTitle "GM"]
[BlackTitle "WGM"]
[WhiteElo "2426"]
[BlackElo "2323"]
[WhiteTeam "NONA Batumi"]
[BlackTeam "Odlar Yurdu"]
[WhiteFideId "13602640"]
[BlackFideId "13402951"]
[EventDate "2016.11.06"]

1. Nf3 Nf6 2. g3 d5 3. Bg2 c6 4. O-O Bg4 5. d3 Nbd7 6. h3 Bh5 7. Nbd2 e5 8. e4
Bd6 9. exd5 cxd5 10. c4 d4 11. Qc2 a5 12. Nh4 Nc5 13. Nb3 Nxb3 14. Qxb3 O-O 15.
Bg5 h6 16. Bd2 Nd7 17. Qxb7 Rb8 18. Qc6 Bc7 19. b3 Be2 20. Rfe1 Bxd3 21. Rad1
Bh7 22. c5 Nf6 23. Qa4 Bc2 24. Rc1 Bd3 25. Rcd1 e4 26. Nf5 e3 27. Nxe3 Bb5 28.
Qa3 dxe3 29. Bxe3 Qc8 30. c6 Qf5 31. Qc5 Qxc5 32. Bxc5 Rfe8 33. Be7 a4 34. b4
Rbc8 35. a3 Bb6 36. Rc1 Rc7 37. Bxf6 Rxe1+ 38. Rxe1 gxf6 39. Re8+ Kg7 40. Rb8
Bxc6 41. Rxb6 Bxg2 42. Kxg2 Rc3 43. Ra6 Rxa3 44. b5 Rb3 45. Rxa4 1/2-1/2

[Event "32nd ECC Women 2016"]
[Site "Novi Sad SRB"]
[Date "2016.11.09"]
[Round "4.2"]
[Board "4"]
[White "Hojjatova, Aydan"]
[Black "Melia, Salome"]
[Result "1/2-1/2"]
[WhiteTitle "WFM"]
[BlackTitle "IM"]
[WhiteElo "2316"]
[BlackElo "2393"]
[WhiteTeam "Odlar Yurdu"]
[BlackTeam "NONA Batumi"]
[WhiteFideId "13401491"]
[BlackFideId "13602446"]
[EventDate "2016.11.06"]

1. e4 c5 2. Nf3 Nc6 3. Bb5 Nf6 4. Bxc6 dxc6 5. d3 Bg4 6. h3 Bh5 7. O-O Nd7 8.
Be3 e5 9. Nbd2 f6 10. a3 g5 11. Re1 Bf7 12. Nf1 h5 13. N3d2 Be7 14. Ng3 Nf8 15.
Nf5 Ne6 16. Nc4 Bf8 17. Qd2 Qd7 18. Qa5 Qd8 19. Qc3 Nd4 20. b4 b6 21. bxc5 Bxc5
22. Ncd6+ Bxd6 23. Bxd4 c5 24. Be3 Bc7 25. Rad1 O-O 26. h4 Be6 27. Qd2 Bxf5 28.
exf5 Qd7 29. hxg5 Qxf5 30. Rf1 fxg5 31. Bxg5 Rf7 32. Rde1 Kh7 33. Re4 Rg8 34.
Bh4 Qf3 35. Bg5 Qf5 36. Bh4 Qf3 37. Bg5 Qf5 38. Bh4 1/2-1/2

[Event "32nd ECC Women 2016"]
[Site "Novi Sad SRB"]
[Date "2016.11.09"]
[Round "4.3"]
[Board "1"]
[White "Zhukova, Natalia"]
[Black "Galliamova, Alisa"]
[Result "1/2-1/2"]
[WhiteTitle "GM"]
[BlackTitle "IM"]
[WhiteElo "2448"]
[BlackElo "2434"]
[WhiteTeam "Jelica PEP - Goracici"]
[BlackTeam "Ladya Kazan"]
[WhiteFideId "14101513"]
[BlackFideId "4129725"]
[EventDate "2016.11.06"]

1. d4 d5 2. c4 c6 3. Nf3 Nf6 4. Nc3 e6 5. g3 dxc4 6. Bg2 b5 7. O-O Bb7 8. Ne5 a6
9. b3 b4 10. Ne4 Nxe4 11. Bxe4 c3 12. a3 a5 13. axb4 Bxb4 14. Qd3 f5 15. Bg2 O-O
16. Ba3 Ra6 17. Qc4 Qd6 18. Bxb4 axb4 19. Nd3 Rxa1 20. Rxa1 Ba6 21. Qxb4 Qxb4
22. Nxb4 Bxe2 23. Rc1 Rd8 24. Nxc6 Nxc6 25. Bxc6 Rxd4 26. Rxc3 g5 27. f3 Kf7 28.
Kf2 Ba6 29. Rc2 Rb4 30. Ra2 Rb6 31. Ba8 Bd3 32. Ra7+ Kf6 33. Rb7 Ra6 34. Rb8 f4
35. gxf4 gxf4 36. h4 Ra2+ 37. Kg1 Ke5 38. Rd8 Ra1+ 39. Kf2 Rf1+ 40. Kg2 Rd1 41.
Kf2 Rf1+ 42. Kg2 Rd1 43. Kf2 Rf1+ 1/2-1/2

[Event "32nd ECC Women 2016"]
[Site "Novi Sad SRB"]
[Date "2016.11.09"]
[Round "4.3"]
[Board "2"]
[White "Ambartsumova, Karina"]
[Black "Velikic, Adela"]
[Result "1/2-1/2"]
[WhiteTitle "WGM"]
[WhiteElo "2288"]
[BlackElo "2207"]
[WhiteTeam "Ladya Kazan"]
[BlackTeam "Jelica PEP - Goracici"]
[WhiteFideId "4166299"]
[BlackFideId "913553"]
[EventDate "2016.11.06"]

1. e4 e6 2. d4 d5 3. Nc3 Nf6 4. e5 Nfd7 5. f4 c5 6. Nf3 Nc6 7. Be3 Be7 8. Qd2
O-O 9. dxc5 Nxc5 10. O-O-O Rb8 11. Qf2 Qa5 12. a3 Na4 13. Nxa4 Qxa4 14. Nd4 Bd7
15. Bb5 Qa5 16. Bd3 b5 17. Nxc6 Bxc6 18. Bc5 Bxc5 19. Qxc5 Rfc8 20. Rhe1 Be8 21.
Qb4 Qd8 22. f5 Qg5+ 23. Qd2 Qxd2+ 24. Kxd2 b4 25. axb4 Rxb4 26. Ra1 Rc7 27. Ra2
exf5 28. Bxf5 Rf4 29. Bd3 Kf8 30. g3 Rf2+ 31. Re2 Rf3 32. Re3 Rf2+ 33. Re2 Rf3
34. Ra5 Bc6 35. Rc5 Ke7 36. Bb5 Kd7 37. Rxd5+ Ke7 38. Bxc6 Rxc6 39. c3 Ke6 40.
Ra5 a6 41. Re3 Rf2+ 42. Re2 Rf3 43. g4 Rh3 44. Ke1 Rb6 45. Kf1 1/2-1/2

[Event "32nd ECC Women 2016"]
[Site "Novi Sad SRB"]
[Date "2016.11.09"]
[Round "4.3"]
[Board "3"]
[White "Eric, Jovana"]
[Black "Nebolsina, Vera"]
[Result "0-1"]
[WhiteTitle "WIM"]
[BlackTitle "WGM"]
[WhiteElo "2209"]
[BlackElo "2178"]
[WhiteTeam "Jelica PEP - Goracici"]
[BlackTeam "Ladya Kazan"]
[WhiteFideId "938238"]
[BlackFideId "4163591"]
[EventDate "2016.11.06"]

1. e4 e5 2. Nf3 Nf6 3. d4 Nxe4 4. Bd3 d5 5. dxe5 Be7 6. O-O O-O 7. Nc3 Nxc3 8.
bxc3 Bg4 9. h3 Bh5 10. Rb1 b6 11. Re1 c6 12. Bf5 Nd7 13. g4 Bg6 14. Bf4 Nc5 15.
Nd4 Qe8 16. Qf3 Ne4 17. Bxe4 Bxe4 18. Qg3 Bc5 19. Re2 Bxd4 20. cxd4 Qe6 21. f3
Bg6 22. Be3 Rae8 23. f4 f5 24. Rf1 Qe7 25. Ref2 Qa3 26. c3 Qxc3 27. Rc1 Qd3 28.
Rxc6 Rc8 29. Rxc8 Rxc8 30. Qf3 fxg4 31. Qxd5+ Kh8 32. Qd7 Rg8 33. hxg4 Qxe3 34.
f5 Qe1+ 35. Kg2 Qe4+ 36. Kg3 Be8 37. Qd6 Bc6 38. Rh2 Qf3+ 39. Kh4 Qf4 40. Rh3
Be4 41. Qe6 Qf2+ 42. Kg5 Qd2+ 43. Kh5 Bd5 44. Qd6 Qxd4 45. Qe7 Qf4 46. Qd6 Bf3
47. Rh4 Qxf5# 0-1

[Event "32nd ECC Women 2016"]
[Site "Novi Sad SRB"]
[Date "2016.11.09"]
[Round "4.3"]
[Board "4"]
[White "Markelova, Lubov"]
[Black "Prudnikova, Svetlana"]
[Result "1/2-1/2"]
[WhiteTitle "WFM"]
[BlackTitle "WGM"]
[WhiteElo "2133"]
[BlackElo "2296"]
[WhiteTeam "Ladya Kazan"]
[BlackTeam "Jelica PEP - Goracici"]
[WhiteFideId "24131369"]
[BlackFideId "929700"]
[EventDate "2016.11.06"]

1. Nf3 c5 2. c4 Nc6 3. Nc3 e5 4. g3 g6 5. Bg2 Bg7 6. O-O Nge7 7. a3 d6 8. Rb1 a5
9. Ne1 Be6 10. d3 O-O 11. Nc2 d5 12. cxd5 Nxd5 13. Ne3 Nde7 14. Nc4 Rb8 15. Nb5
Bd5 16. Bd2 b6 17. Qa4 Bxg2 18. Kxg2 Qd5+ 19. Kg1 Nd4 20. Nxd4 cxd4 21. Qd1 Rfc8
22. b4 axb4 23. Bxb4 b5 24. Na5 Nc6 25. Nxc6 Rxc6 26. Rc1 Rbc8 27. Qd2 h5 28. h4
Rxc1 29. Rxc1 Rc6 30. Rxc6 Qxc6 31. Qb2 1/2-1/2